| 000 | 00618nam a22001937a 4500 | ||
|---|---|---|---|
| 003 | BD-DhUL | ||
| 005 | 20180513110613.0 | ||
| 008 | 180513s1970 ii ||||| |||| 00| 0 ben d | ||
| 040 |
_aBD-DhUL _cBD-DhUL |
||
| 082 |
_a891.443 _bMOA |
||
| 100 | 1 | _aবসু, মনোজ | |
| 245 | 0 | 0 |
_aআগস্ট, ১৯৪২ / _cমনোজ বসু |
| 250 | _a৪র্থ সং. | ||
| 260 |
_aকলিকাতা : _bবেঙ্গল, _c১৯৭০। |
||
| 300 |
_a২১৮ পৃ. ; _c২২ সেমি. |
||
| 650 | 4 | _aবাংলা উপন্যাস | |
| 650 | 4 | _aBengali fiction | |
| 942 |
_2ddc _cBK |
||
| 999 |
_c241241 _d241241 |
||